Musicals - Statistics

General Stats
  • This quiz has been taken 388 times
  • The average score is 9 of 15
Answer Stats
Hint Answer % Correct
Do-Re-Mi Sound of Music
91%
Summer Nights Grease
80%
Revenge Party Mean Girls
80%
Don't Lose Your Head Six
80%
In Summer Frozen
78%
You Will Be Found Dear Evan Hansen
71%
SOS Mamma Mia
71%
When He Sees Me Waitress
67%
Don't Stop Believin' Rock of Ages
65%
Agony Into The Woods
59%
Without Love Hairspray
50%
the Pants Song Be More Chill
43%
Strong The Lightning Theif
39%
Fathoms Below The Little Mermaid
39%
No Reason Beettlejuice
35%
No matching quizzes found
Score Distribution
Percent of People with Each Score
Percentile by Number Answered
Your Score History
You have not taken this quiz